| 000 | 00368nam a22001217a 4500 | ||
|---|---|---|---|
| 082 | _a200 THE | ||
| 100 |
_aMansoor Aziz _970390 |
||
| 245 | _aTH-SOF-1170-Facial Expression Recognition Using Multiple | ||
| 260 |
_aIslamabad _bNUST College of EME _c2015 |
||
| 650 | _aMS-COMPUTER ENGINEERING-73 MSTHESIS | ||
| 700 |
_aSupervison Dr. Arslan Shaukat _970391 |
||
| 942 | _cCF | ||
| 999 |
_c577371 _d577371 |
||